000 00800cam a2200241 4500
008 090401t1996 xxu||||| |||| 00| 0 eng d
020 _a0333621115
035 _a(Sirsi) u68748
041 _aeng
050 _a338.4369
_c18
100 _aCooke, Andrew
245 _aEconomics and construction.
260 _aBasingstoke
_bMacMillan
_c1996
300 _axiii,250p. ; 24cm.
350 _a14.99
490 _aMacmillan Building and Surveying Series
520 _aAimed at students, this textbook looks into the various aspects of construction economics. Includes chapters on supply and demand, cost theory and macroeconomics.
650 _aCONSTRUCTION ECONOMICS
650 _aCONSTRUCTION INDUSTRY
690 _aBUILDING AND CONSTRUCTION-ECONOMICS
942 _n0
948 _c04/03/1997
999 _c95133
_d95133